000 00434nam a2200181Ia 4500
001 341
005 20260306140510.0
008 260306t2015||||xx |||||||||||||| ||spa||
041 _aESP
082 _a101
_bO73
100 _aOrtega y Gasset, José
_eAUT
245 0 _a¿Que es la filosofía? :
_by otros ensayos
260 _c2015
300 _a396 páginas :
_c18 cm.
650 _aGEN
654 _aCHU
942 _cLIB
_dJUS
_fJUS
_2ddc
_n
999 _c341
_d341